[Event "Mittelfranken-chTB2b 1819"]
[Site "Mittelfranken"]
[Date "2019.04.28"]
[Round "9.7"]
[White "Steger, Otmar"]
[Black "Kreiner, Daniel"]
[Result "1-0"]
[WhiteElo "1929"]
[BlackElo "1427"]
[PlyCount "31"]
[EventDate "2018.10.14"]
[EventType "team-tourn"]
[EventRounds "9"]
[EventCountry "GER"]
[SourceTitle "EXT 2022"]
[Source "ChessBase"]
[SourceDate "2021.10.06"]
[SourceVersion "1"]
[SourceVersionDate "2021.10.06"]
[SourceQuality "1"]
[WhiteTeam "Nuernberg SK 1911 II"]
[BlackTeam "Grossenseebach"]
[WhiteTeamCountry "GER"]
[BlackTeamCountry "GER"]

1. d4 g6 2. c4 Bg7 3. Nc3 d6 4. e4 Nc6 5. Be3 Nf6 6. Nf3 e6 7. Qd2 d5 8. e5 Nd7 9. cxd5 exd5 10. Nxd5 f6 11. 0-0-0 fxe5 12. Bg5 Nf6 13. dxe5 Nxe5 14. Nxf6+ Bxf6 15. Qxd8+ Bxd8 16. Rxd8+ 1-0

[Event "Mittelfranken-chTB2b 1819"]
[Site "Mittelfranken"]
[Date "2019.03.17"]
[Round "7.8"]
[White "Huettl, Walter"]
[Black "Steger, Otmar"]
[Result "0-1"]
[WhiteElo "1747"]
[BlackElo "1929"]
[PlyCount "78"]
[EventDate "2018.10.14"]
[EventType "team-tourn"]
[EventRounds "9"]
[EventCountry "GER"]
[SourceTitle "EXT 2022"]
[Source "ChessBase"]
[SourceDate "2021.10.06"]
[SourceVersion "1"]
[SourceVersionDate "2021.10.06"]
[SourceQuality "1"]
[WhiteTeam "Erlangen SC IV"]
[BlackTeam "Nuernberg SK 1911 II"]
[WhiteTeamCountry "GER"]
[BlackTeamCountry "GER"]

1. c4 e5 2. Nc3 f5 3. g3 Nf6 4. Bg2 Nc6 5. d3 d6 6. Rb1 Be6 7. Nd5 Qd7 8. e3 Nd8 9. Ne2 c6 10. Ndc3 d5 11. cxd5 Nxd5 12. 0-0 Nf7 13. e4 Nxc3 14. Nxc3 Be7 15. Be3 0-0 16. d4 fxe4 17. dxe5 Qc7 18. Bxe4 Qxe5 19. Bf4 Qf6 20. Qc2 g6 21. Rbc1 Bh3 22. Rfe1 Bc5 23. Be3 Bb6 24. Qb3 Be6 25. Qc2 Ng5 26. f4 Bxe3+ 27. Rxe3 Qd4 28. Rce1 Nh3+ 29. Kh1 Qg7 30. Qg2 Bg4 31. Bf3 h5 32. Ne4 Rfe8 33. Nf6+ Qxf6 34. Rxe8+ Rxe8 35. Rxe8+ Kh7 36. Bxg4 hxg4 37. Re2 Qd4 38. Rd2 Qe3 39. Qe2 Qg1# 0-1

[Event "Mittelfranken-chTB1 1112"]
[Site "Germany"]
[Date "2012.03.25"]
[Round "9.8"]
[White "Heinz, Manfred"]
[Black "Steger, Otmar"]
[Result "1-0"]
[WhiteElo "1831"]
[BlackElo "1901"]
[PlyCount "55"]
[EventDate "2011.09.25"]
[EventType "team-tourn"]
[EventRounds "9"]
[EventCountry "GER"]
[SourceTitle "EXT 2018"]
[Source "ChessBase"]
[SourceDate "2017.10.13"]
[SourceVersion "1"]
[SourceVersionDate "2017.10.13"]
[SourceQuality "1"]
[WhiteTeam "Heilsbronn"]
[BlackTeam "Nuernberg SK 1911"]
[WhiteTeamCountry "GER"]
[BlackTeamCountry "GER"]

1. Nf3 d5 2. c4 c6 3. d4 e6 4. Nc3 Nf6 5. Bg5 dxc4 6. e4 b5 7. e5 h6 8. Bh4 g5 9. Nxg5 hxg5 10. Bxg5 Nbd7 11. g3 Bb7 12. Bg2 Qb6 13. exf6 0-0-0 14. 0-0 Ne5 15. Be3 Qa5 16. Qe2 Nd3 17. Ne4 c5 18. dxc5 Bxe4 19. Bxe4 Bxc5 20. Bxc5 Nxc5 21. Bg2 Rd3 22. b3 Rhd8 23. bxc4 bxc4 24. Rac1 c3 25. Rc2 R8d6 26. Rfc1 Kd7 27. Qh5 Qd8 28. Qxc5 1-0

[Event "Mittelfranken-chTB1 0910"]
[Site "Mittelfranken"]
[Date "2010.01.31"]
[Round "6.8"]
[White "Steger, Otmar"]
[Black "Jaeger, Peter"]
[Result "1/2-1/2"]
[WhiteElo "1939"]
[BlackElo "1770"]
[PlyCount "57"]
[EventDate "2009.10.11"]
[EventType "team-tourn"]
[EventRounds "9"]
[EventCountry "GER"]
[SourceTitle "EXT 2011"]
[Source "ChessBase"]
[SourceDate "2010.11.26"]
[SourceVersion "1"]
[SourceVersionDate "2010.11.26"]
[SourceQuality "1"]
[WhiteTeam "Nuernberg SK 1911"]
[BlackTeam "Gunzenhausen"]
[WhiteTeamCountry "GER"]
[BlackTeamCountry "GER"]

1. d4 d5 2. c4 dxc4 3. Nc3 g6 4. e4 Bg7 5. Be3 Nf6 6. h3 c6 7. a4 Qa5 8. Qb1 Be6 9. Nf3 h6 10. Ne5 Qb4 11. a5 Nfd7 12. Ra4 Qd6 13. Nxc4 Bxc4 14. Rxc4 0-0 15. e5 Qe6 16. Ne4 b5 17. Rc1 f6 18. exf6 exf6 19. d5 Qxd5 20. Nc3 Qf7 21. Bd3 Ne5 22. 0-0 Nxd3 23. Qxd3 f5 24. Rfd1 Na6 25. Qd6 Qf6 26. Qxf6 Rxf6 27. Rd7 Rf7 28. Rd6 Rf6 29. Rd7 1/2-1/2

[Event "Mittelfrankenliga-B1 0708"]
[Site "Mittelfranken"]
[Date "2008.04.13"]
[Round "8.4"]
[White "Steger, Otmar"]
[Black "Dietrich, Jochen"]
[Result "1/2-1/2"]
[WhiteElo "1979"]
[BlackElo "1998"]
[PlyCount "40"]
[EventDate "2007.10.14"]
[EventType "team-tourn"]
[EventRounds "9"]
[EventCountry "GER"]
[SourceTitle "EXT 2011"]
[Source "ChessBase"]
[SourceDate "2010.11.26"]
[SourceVersion "1"]
[SourceVersionDate "2010.11.26"]
[SourceQuality "1"]
[WhiteTeam "Nuernberg SK 1911"]
[BlackTeam "Buechenbach/Roth"]
[WhiteTeamCountry "GER"]
[BlackTeamCountry "GER"]

1. d4 Nf6 2. Nf3 g6 3. c4 Bg7 4. Nc3 d6 5. g3 0-0 6. Bg2 Nbd7 7. 0-0 c6 8. b3 Re8 9. Bb2 e5 10. e4 Qc7 11. Qd2 Nf8 12. d5 c5 13. Ne1 Nh5 14. Nd3 f5 15. f3 a6 16. Rf2 Qe7 17. a3 g5 18. exf5 Bxf5 19. Ne4 h6 20. Bc3 Nd7 1/2-1/2

[Event "Mittelfrankenliga-B1 0708"]
[Site "Mittelfranken"]
[Date "2008.03.02"]
[Round "7.3"]
[White "Steger, Otmar"]
[Black "Zwingel, Stephan"]
[Result "1/2-1/2"]
[WhiteElo "1979"]
[BlackElo "1975"]
[PlyCount "28"]
[EventDate "2007.10.14"]
[EventType "team-tourn"]
[EventRounds "9"]
[EventCountry "GER"]
[SourceTitle "EXT 2011"]
[Source "ChessBase"]
[SourceDate "2010.11.26"]
[SourceVersion "1"]
[SourceVersionDate "2010.11.26"]
[SourceQuality "1"]
[WhiteTeam "Nuernberg SK 1911"]
[BlackTeam "Zirndorf II"]
[WhiteTeamCountry "GER"]
[BlackTeamCountry "GER"]

1. d4 Nf6 2. c4 e5 3. dxe5 Ng4 4. Nf3 Bc5 5. e3 Nc6 6. Bd2 0-0 7. Bc3 Re8 8. h3 Ngxe5 9. Nxe5 Nxe5 10. b4 Bf8 11. Nd2 d6 12. Nf3 Bf5 13. Be2 Nxf3+ 14. Bxf3 Be4 1/2-1/2

[Event "Mittelfrankenliga-B1 0607"]
[Site "Mittelfranken"]
[Date "2007.03.25"]
[Round "8.2"]
[White "Sejdic, Enis"]
[Black "Steger, Otmar"]
[Result "1-0"]
[WhiteElo "2115"]
[BlackElo "2004"]
[PlyCount "105"]
[EventDate "2006.10.22"]
[EventType "team-tourn"]
[EventRounds "9"]
[EventCountry "GER"]
[SourceTitle "EXT 2011"]
[Source "ChessBase"]
[SourceDate "2010.11.26"]
[SourceVersion "1"]
[SourceVersionDate "2010.11.26"]
[SourceQuality "1"]
[WhiteTeam "Bechhofen"]
[BlackTeam "Nuernberg SK 1911"]
[WhiteTeamCountry "GER"]
[BlackTeamCountry "GER"]

1. e4 c5 2. Nf3 d6 3. Bc4 Nf6 4. d3 Nc6 5. h3 e6 6. c3 Be7 7. Bb3 0-0 8. 0-0 b5 9. Bc2 Qc7 10. Be3 d5 11. Nbd2 Rd8 12. Re1 dxe4 13. dxe4 Rb8 14. Qe2 a5 15. Rac1 Ba6 16. Bg5 e5 17. Nf1 h6 18. Bh4 Nh5 19. Qe3 Nf4 20. Bg3 Ne6 21. Rcd1 Rxd1 22. Rxd1 c4 23. Rd5 f6 24. Nh4 Nf4 25. Rd2 Bc8 26. Qe1 Bc5 27. Ne3 Bxe3 28. Qxe3 Ne7 29. Bxf4 exf4 30. Qd4 Be6 31. Nf3 Ng6 32. Qd6 Qxd6 33. Rxd6 Bf7 34. Ra6 b4 35. Rxa5 bxc3 36. bxc3 Rb2 37. Nd4 Ne5 38. a4 Ra2 39. Ra8+ Kh7 40. Ra7 Bg6 41. Kh2 Nd3 42. f3 Ne1 43. Bd1 Nxg2 44. Be2 Ne3 45. Kg1 Bh5 46. a5 Ra1+ 47. Kf2 Ra2 48. a6 Nd1+ 49. Ke1 Nxc3 50. Bxc4 Ra1+ 51. Kd2 Bxf3 52. Nxf3 Nxe4+ 53. Kc2 1-0

[Event "Mittelfrankenliga-B1 0607"]
[Site "Mittelfranken"]
[Date "2007.03.11"]
[Round "7.3"]
[White "Belich, Walter"]
[Black "Steger, Otmar"]
[Result "0-1"]
[WhiteElo "1989"]
[BlackElo "2004"]
[PlyCount "138"]
[EventDate "2006.10.22"]
[EventType "team-tourn"]
[EventRounds "9"]
[EventCountry "GER"]
[SourceTitle "EXT 2011"]
[Source "ChessBase"]
[SourceDate "2010.11.26"]
[SourceVersion "1"]
[SourceVersionDate "2010.11.26"]
[SourceQuality "1"]
[WhiteTeam "Zirndorf II"]
[BlackTeam "Nuernberg SK 1911"]
[WhiteTeamCountry "GER"]
[BlackTeamCountry "GER"]

1. c4 Nf6 2. Nc3 d5 3. cxd5 Nxd5 4. g3 e5 5. Bg2 Nxc3 6. bxc3 c6 7. Nf3 Qc7 8. 0-0 Bd6 9. d4 Nd7 10. Qd3 h6 11. Nh4 0-0 12. Nf5 Re8 13. Nxd6 Qxd6 14. f4 exd4 15. cxd4 f5 16. Ba3 Qf6 17. d5 cxd5 18. Bxd5+ Kh8 19. Rab1 Nb6 20. Bf3 Be6 21. Bb2 Qf7 22. a3 Bc4 23. Qd2 Rad8 24. Bd4 Rd7 25. Rfd1 Bb3 26. Rdc1 Ba2 27. Rb4 Bd5 28. Qd3 Bxf3 29. Qxf3 Nd5 30. Rb3 Nxf4 31. gxf4 Rxd4 32. Rxb7 Qg6+ 33. Kf2 Rde4 34. Re1 Qc6 35. Rb3 Qc4 36. Kg3 Qd4 37. Rd3 Qb6 38. Kg2 Qa5 39. Kf2 Qc5+ 40. Kg2 Qc7 41. e3 Qc2+ 42. Qe2 Qxe2+ 43. Rxe2 Rxf4 44. exf4 Rxe2+ 45. Kg3 Re4 46. Kf3 Ra4 47. h4 g6 48. Kg3 Kg7 49. Kf3 Ra6 50. Ke3 Kf6 51. Kf3 g5 52. hxg5+ hxg5 53. fxg5+ Kxg5 54. Rc3 Ra4 55. Rd3 a5 56. Rb3 Rc4 57. Rd3 Rc2 58. a4 Rc4 59. Ra3 Kf6 60. Ke3 Ke5 61. Ra1 f4+ 62. Kd3 Kd5 63. Ra2 Rb4 64. Ra3 Rb2 65. Ra1 Rb3+ 66. Kc2 Rh3 67. Rb1 Ke4 68. Rb5 f3 69. Kd1 Rh1+ 0-1

[Event "Mittelfrankenliga-B1 0607"]
[Site "Mittelfranken"]
[Date "2006.12.03"]
[Round "3.2"]
[White "Steger, Otmar"]
[Black "Manthey, Frank"]
[Result "1/2-1/2"]
[WhiteElo "2004"]
[BlackElo "2061"]
[PlyCount "43"]
[EventDate "2006.10.22"]
[EventType "team-tourn"]
[EventRounds "9"]
[EventCountry "GER"]
[SourceTitle "EXT 2011"]
[Source "ChessBase"]
[SourceDate "2010.11.26"]
[SourceVersion "1"]
[SourceVersionDate "2010.11.26"]
[SourceQuality "1"]
[WhiteTeam "Nuernberg SK 1911"]
[BlackTeam "Schwanstetten"]
[WhiteTeamCountry "GER"]
[BlackTeamCountry "GER"]

1. d4 d5 2. c4 e6 3. Nc3 Nf6 4. Bg5 Be7 5. Nf3 0-0 6. e3 h6 7. Bh4 b6 8. Bd3 Bb7 9. Qe2 Nbd7 10. 0-0 Ne4 11. Bxe7 Qxe7 12. Rac1 c5 13. cxd5 exd5 14. Ba6 Ndf6 15. Ne5 Bxa6 16. Qxa6 cxd4 17. Nc6 Qd7 18. Nxd4 Rfc8 19. Nxe4 Nxe4 20. Qb5 Qxb5 21. Nxb5 Rc5 22. Nc7 1/2-1/2

[Event "Mittelfranken-chT 0405"]
[Site "Germany"]
[Date "2004.12.19"]
[Round "4.2"]
[White "Vogiatzis, Dimitrios"]
[Black "Steger, Otmar"]
[Result "0-1"]
[WhiteElo "1976"]
[BlackElo "2006"]
[PlyCount "70"]
[EventDate "2004.10.17"]
[EventType "team"]
[EventRounds "9"]
[EventCountry "GER"]
[SourceTitle "EXT 2007"]
[Source "ChessBase"]
[SourceDate "2006.11.23"]
[SourceVersion "1"]
[SourceVersionDate "2006.11.23"]
[SourceQuality "1"]

1. e4 d6 2. d4 g6 3. Bd3 Bg7 4. c3 c6 5. f4 e5 6. Nf3 Bg4 7. fxe5 dxe5 8. Bc4 Qc7 9. h3 Bxf3 10. Qxf3 Nf6 11. Bg5 Nbd7 12. Nd2 0-0 13. 0-0 b5 14. Bb3 a5 15. Rf2 a4 16. Bc2 Qd6 17. Be3 Ne8 18. dxe5 Bxe5 19. Nf1 Qe6 20. a3 Nef6 21. Rd1 Bc7 22. Bd4 Nh5 23. g4 Nf4 24. Be3 g5 25. Bxf4 Bxf4 26. Ne3 Ne5 27. Qe2 Rfd8 28. Nf5 Nc4 29. Bb1 Qe5 30. Rd4 c5 31. Rd5 Rxd5 32. exd5 Ne3 33. Qxb5 Nxf5 34. Bxf5 Be3 35. Qd3 Qg3+ 0-1